ბათუმის შოთა რუსთაველის სახელმწიფო უნივერსიტეტის ბიბლიოთეკა

Исполительное производство. Учебное-практическое пособие. (ბიბ.ჩანაწერი № 35958)

000 -LEADER
fixed length control field 00781nam a2200229Ia 4500
001 - CONTROL NUMBER
control field 1857
003 - CONTROL NUMBER IDENTIFIER
control field GE_BSU
008 - FIXED-LENGTH DATA ELEMENTS--GENERAL INFORMATION
fixed length control field 181216s||||||||xx |||||||||||||| ||und||
020 ## - INTERNATIONAL STANDARD BOOK NUMBER
International Standard Book Number 5958401300
040 ## - CATALOGING SOURCE
Transcribing agency GE_BSU
080 ## - UNIVERSAL DECIMAL CLASSIFICATION NUMBER
Universal Decimal Classification number 347.9.03(075.8)
100 ## - MAIN ENTRY--PERSONAL NAME
Personal name Морозова, И.Б;Треушников, А.М;
245 ## - TITLE STATEMENT
Title Исполительное производство. Учебное-практическое пособие.
245 ## - TITLE STATEMENT
Remainder of title Изд. 4-ое, доп.Московский гос.ун-т им М.В. Лоьоносова
260 ## - PUBLICATION, DISTRIBUTION, ETC.
Place of publication, distribution, etc. Мщсква
260 ## - PUBLICATION, DISTRIBUTION, ETC.
Name of publisher, distributor, etc. дательский дом Городец
260 ## - PUBLICATION, DISTRIBUTION, ETC.
Date of publication, distribution, etc. 2006
300 ## - PHYSICAL DESCRIPTION
Extent 560 с. 21 см.
653 ## - INDEX TERM--UNCONTROLLED
Uncontrolled term Исполительное производство
942 ## - ADDED ENTRY ELEMENTS (KOHA)
Koha item type წიგნი
ეგზემპლარები
Withdrawn status Lost status Damaged status Not for loan Date acquired Barcode Date last seen Price effective from Koha item type
        2018-12-17 3765 2018-12-17 2018-12-17 წიგნი